Представление документа в формате RUSMARC

ПолеНазваниеЗначение
  Тип записи a
  Библиографический уровень a
001 Контрольный номер RU/УОНБ/EK_KRAY/320888339
005 Дата корректировки 20240131015229.3
100 Данные общей обработки __
a Данные общей обработки 20010905d2001 u u0rusy0103 ba
101 Язык документа 0_
a Язык текста rus
200 Заглавие и сведения об ответственности 1_
a Заглавие О прогнозировании и программах социально-экономического развития Ульяновской области
e Сведения, относящиеся к заглавию закон Ульяновской области
210 Выходные данные 1_
d Дата издания 2001
330 Аннотация __
a Аннотация Изменено Законами Ульян. обл. от 30 янв. 2006 г. N 03-ЗО (Ульян. правда. 2006. 1 февр.); от 1 марта 2007 г. N 21-ЗО (Ульян. правда. 2007. 3 марта); от 12 нояб. 2007 г. N 193-ЗО (Ульян. правда. 2007. 14 нояб.).
461 Уровень набора _0
1 2001
a Ульяновская правда
1 300
a То же: Информ. бюл. Законодат. Собр. Ульян. обл. - 2001. - N 5. - С. 118.
463 Уровень физической единицы _0
1 2000
a 16 июня.
v С. 10.
1 210
d 2001
610 Ключевые слова 0_
a Ключевые слова закон
610 Ключевые слова 0_
a Ключевые слова прогнозирование
610 Ключевые слова 0_
a Ключевые слова программа
610 Ключевые слова 0_
a Ключевые слова социально-экономическое развитие
686 Индексы других классификаций __
a Классификационный индекс 0Б(2...-4)
2 Код системы rubbk
801 Источник записи _0
a Страна RU
b Организация Ульяновская ОНБ
c Дата составления 20010905
g Правила каталогизации PSBO
801 Источник записи _1
a Страна RU
b Организация Ульяновская ОНБ
c Дата составления 20071213
901 Тип документа __
t Тип документа b
909 Создатель записи __
a Создатель записи
938 Служебная информация __
a Имя БД kraeved_work
b Имя библиотеки УОНБ
c Имя АИБС МАРК-SQL
d Номер DOC_ID в БД 32328